000 00384nam a22001697a 4500
003 OSt
005 20211201085247.0
008 211201b |||||||| |||| 00| 0 eng d
020 _a0538879599
040 _cHU
082 _a657
100 _aSKOUSEN
_921179
245 _aINTERMIDIATE ACCOUNTING
260 _aADDIS ABEBA
_bETHIOPIA
_c1980
300 _a348
942 _2ddc
_cBOOKS
_n0
999 _c20843
_d20843